000 00636nam a22001937a 4500
003 JO-AjAnu
005 20240909142401.0
008 240909b jo ||||| |||| 00| 0 ara d
022 _a978-603-01-0428-4
040 _aJO-AjAnu
_bARA
_cJO-AjAnu
041 _hARA
100 _aالعمري، وليد بليهش
_eمؤلف
_966165
245 _aفقه الترجمة
_c/ وليد بليهش العمري ؛ عبد الحميد عليوه
260 _aالرياض،
_c2015
300 _a371 صفحة
650 _vاللغات-دراسة
700 _aعبد الحميد عليوة
_eمؤلف مشارك
_966166
942 _2lcc
_cBK
_n0
999 _c33661
_d33661